Language Quiz

Random Language or Letter Quiz

13 ways not to 'Rush' Quiz Stats

 Plays Quiz not verified by Sporcle

Support Sporcle.
Go Orange.
Score 0/13 Timer 01:00
0 Plays Today
% Correct
Bush
97.2%
Mush
96.5%
Rash
96.3%
Lush
95.6%
Push
94.3%
Hush
93.2%
Tush
91.9%
Gush
89.7%
Rust
86.7%
Resh
84.4%
Ruse
82.7%
Ruth
68.9%
Rusk
68.5%

You're not logged in!

Compare scores with friends on all Sporcle quizzes.
OR
Log In

From the Vault

60 Second Blitz: Pixar Movies

by jdfulp

Pro Tip: Trying How to Train Your Dragon will just be a waste of your time.
Remove Ads.
Support Sporcle.
Get the best of Sporcle when you Go Orange. This ad-free experience offers more features, more stats, and more fun while also helping to support Sporcle. Thank you for becoming a member.

Show Comments

Extras

Top Quizzes Today


Score Distribution

Your Account Isn't Verified!

In order to create a playlist on Sporcle, you need to verify the email address you used during registration. Go to your Sporcle Settings to finish the process.

Report this User

Report this user for behavior that violates our Community Guidelines.

Details: